Bucarest - Choix multiples - Statistiques

Statistiques générales
  • Ce quiz a été pris 2 087 fois
    2 046 depuis la dernière actualisation
  • Le résultat moyen est 6 sur 10
Statistiques - réponses
Question Réponse % Correct
Quel chef d'Etat s'enfuit des bureaux du Comité central de Bucarest avec son épouse en menaçant son chauffeur d'hélicoptère avec un pistolet avant d'être jugé et exécuté non loin de là ? Nicolae Ceaușescu
81%
Quel monarque fit de Bucarest la capitale de cette région avant d'y être assassiné en 1476 ? Vlad l'Empaleur
74%
Contre qui les Roumains se soulevèrent-ils, sans succès, en 1821, subissant un massacre à Bucarest en représailles ? Les Ottomans
70%
Sur laquelle de ces photographies figure le Palais du Parlement, deuxième plus grand bâtiment administratif du monde ?
69%
En quelle année le Steaua Bucarest remporta-t-il la Ligue des Champions ? 1986
68%
Quel surnom portait la ville au début du XXe siècle pour son architecture et le mode de vie de ses habitants ? Le Petit Paris
64%
Quel animal donne son nom à une pièce de théâtre d'Eugène Ionesco, écrivain roumain de langue française ayant appris la langue de Molière à Bucarest ? Rhinocéros
62%
Duquel de ces films Vladimir Cosma, né à Bucarest en 1940, a-t-il composé la bande originale ? Les Aventures de Rabbi Jacob
53%
Que l'Arc de Triomphe de Bucarest commémore-t-il ? L'indépendance de la Roumanie (1878)
52%
Dans quelle région historique roumaine Bucarest se situe-t-elle ? La Valachie
40%
Aucun quiz correspondant
Distribution des résultats
% des personnes avec chaque résultat
Percentile par nombre de réponses
Votre historique - résultats
Vous n’avez pas pris ce quiz depuis la dernière actualisation